UK housing review 2004/2005 (Record no. 104032)
[ view plain ]
| 000 -LEADER | |
|---|---|
| fixed length control field | 01429cam a2200253 4500 |
| 001 - CONTROL NUMBER | |
| control field | L128875 |
| 008 - FIXED-LENGTH DATA ELEMENTS--GENERAL INFORMATION | |
| fixed length control field | 050223n2004 000 0 eng u |
| 020 ## - INTERNATIONAL STANDARD BOOK NUMBER | |
| International Standard Book Number | 1903208750 |
| 035 ## - SYSTEM CONTROL NUMBER | |
| System control number | (Sirsi) u128875 |
| 041 ## - LANGUAGE CODE | |
| Language code of text/sound track or separate title | eng |
| 050 ## - LIBRARY OF CONGRESS CALL NUMBER | |
| Classification number | 306.3 |
| -- | 18 |
| 100 ## - MAIN ENTRY--PERSONAL NAME | |
| Personal name | Wilcox, Steve |
| 110 ## - MAIN ENTRY--CORPORATE NAME | |
| Corporate name or jurisdiction name as entry element | Chartered Institute of Housing |
| 9 (RLIN) | 2394 |
| 245 ## - TITLE STATEMENT | |
| Title | UK housing review 2004/2005 |
| 250 ## - EDITION STATEMENT | |
| Edition statement | 13th ed. |
| 260 ## - PUBLICATION, DISTRIBUTION, ETC. | |
| Place of publication, distribution, etc. | Coventry |
| Name of publisher, distributor, etc. | Chartered Institute of Housing |
| Date of publication, distribution, etc. | 2004 |
| 300 ## - PHYSICAL DESCRIPTION | |
| Extent | 217p. |
| Dimensions | 21cm. |
| 350 ## - PRICE (NR) (BK AM CF MU VM SE) [OBSOLETE] | |
| Price | 43.50 |
| 520 ## - SUMMARY, ETC. | |
| Summary, etc. | Brings together a compendium of over 200 charts and tables of the latest available housing statistics for England and its regions, Wales, Scotland and Northern Ireland covering housing, the economy and public expenditure, dwellings, stock condition and households, private housing, housing expenditure plans, housing needs, homelessness and lettings and help with housing costs. Provides a detailed commentary on the above housing themes and four essays written by experts on contemporary issues: "Reviewing stock transfer" (Hal Pawson), "Taxing questions (Steve Wilcox), "From rent policy to local housing allowances?" (Steve Wilcox) and "Housing need indicators in Australia, Canada, England and the United States" (Steve Pomeroy). |
| 590 ## - LOCAL NOTE (RLIN) | |
| Local note | IKA290405 |
| 690 ## - LOCAL SUBJECT ADDED ENTRY--TOPICAL TERM (OCLC, RLIN) | |
| Topical term or geographic name as entry element | PROPERTY-RESIDENTIAL PROPERTY-DOMESTIC RESIDENTIAL PROPERTY-HOUSING |
| 710 ## - ADDED ENTRY--CORPORATE NAME | |
| Corporate name or jurisdiction name as entry element | Council of Mortgage Lenders |
| 9 (RLIN) | 5903 |
| 942 ## - ADDED ENTRY ELEMENTS (KOHA) | |
| Suppress in OPAC | 0 |
| Withdrawn status | Lost status | Source of classification or shelving scheme | Damaged status | Not for loan | Home library | Current library | Shelving location | Date acquired | Total Checkouts | Full call number | Barcode | Date last seen | Date last checked out | Copy number | Price effective from | Koha item type |
|---|---|---|---|---|---|---|---|---|---|---|---|---|---|---|---|---|
| Dewey Decimal Classification | London | London | Books | 12/04/2005 | 4 | 306.3 WIL | 30061962 | 06/08/2019 | 10/04/2006 | 1 | 06/08/2019 | Book |